Basic stochastic processes : a cource through exersises

Αποθηκεύτηκε σε:
Λεπτομέρειες βιβλιογραφικής εγγραφής
Κύριος συγγραφέας: Brzezniak, Z.
Άλλοι συγγραφείς: Zastawniak, Tomasz 1959-
Μορφή: Βιβλίο
Γλώσσα:English
Δημοσίευση: London : Springer, c1999
Σειρά:Springer undergraduate mathematics series
Θέματα:
Ετικέτες: Προσθήκη ετικέτας
Δεν υπάρχουν, Καταχωρήστε ετικέτα πρώτοι!

MARC

LEADER 00000nam a2200000 i 4500
001 1/13284
008 001123s1999 eng d
020 |a 3-540-76175-6 
035 |l 10064558 
040 |a GR-MY-UA  |b gre  |e aacr 
041 0 |a eng 
082 0 |a 519.2 
100 1 |a Brzezniak, Z. 
245 1 0 |a Basic stochastic processes :  |b a cource through exersises /  |c Zdzislaw Brzeniak and Tomasz Zastawniak 
260 |a London :   |b Springer,   |c c1999 
300 |a x, 225 p.;  |b ill.;  |c 24 cm. 
490 1 |a Springer undergraduate mathematics series 
504 |a Includes bibliographical references and index 
650 0 0 |a Stochastic processes. 
700 1 |a Zastawniak, Tomasz  |d 1959- 
830 0 |a Springer undergraduate mathematics series 
852 |a INST  |b SAMOS  |e 20001218  |h 519.2 BRZ  |p 005300018296  |q 005300018296  |t BK  |y 0 
852 |a INST  |b SAMOS  |e 20001218  |h 519.2 BRZ  |p 005300018297  |q 005300018297  |t BK  |y 0 
852 |a INST  |b SAMOS  |e 20001123  |h 519.2 BRZ  |p 005300018607  |q 005300018607  |t BK  |y 0 
852 |a INST  |b SAMOS  |e 20001123  |h 519.2 BRZ  |p 005300018608  |q 005300018608  |t BK  |y 0 
852 |a INST  |b SAMOS  |e 20001123  |h 519.2 BRZ  |p 005300018609  |q 005300018609  |t BK  |y 0 
901 |a BIBL3-2000-3 
909 |a Σ  |b 079889 
909 |a Σ  |b 081347 
909 |a Σ  |b 081348 
909 |a Σ  |b 079890 
909 |a Σ  |b 079891 
922 |a 3ΕΛΗ  |b 200009  |c ΤΣΑΕ  |d ΠΑΠΑΣΩΤΗΡΙΟΥ 
970 |a ΠΟΥΡΝΑΡΑΣ  |b ΔΗΜΗΤΡΗΣ  |z 2000/11/23